Города Орловской области - Statistics

General Stats
  • This quiz has been taken 73 times
  • The average score is 4 of 7
Answer Stats
Население Город % Correct
292 406 Орёл
100%
36 070 Мценск
78%
42 928 Ливны
72%
9359 Болхов
47%
3512 Малоархангельск
38%
2938 Новосиль
38%
5177 Дмитровск
28%
No matching quizzes found
Score Distribution
Percent of People with Each Score
Percentile by Number Answered
Your Score History
You have not taken this quiz